| 000 | 00429nam a2200169Ia 4500 | ||
|---|---|---|---|
| 008 | 230718s9999 xx 000 0 und d | ||
| 020 | _a9789350093160 | ||
| 041 | _aeng | ||
| 082 |
_a821 _bTAG |
||
| 100 | _aTagore R. | ||
| 245 |
_aThe Rats' Feast _bA Tagore Omnibus |
||
| 260 |
_c2013 _bHachette |
||
| 300 | _a238 | ||
| 365 |
_cRs. _b350.00 |
||
| 700 | _aTagore R. | ||
| 906 |
_dO:0350911-Sep-2013B:360419-Jul-2013 _cGENRL _b77 |
||
| 999 |
_c333410 _d333410 |
||